1738 1368 1244 1529 1723 1372 1989 1382 1310 1526 1278 1352 1162 1859 1404 1887 1823 1847 1251 1409 1243 1494 1912 1274 1640 1733 1158 1689 1496 1038 1678 1042 1180 1567 1265 1404 1758 1740 1776 1891 1816 1334 1708 1294 1570 1104 1258 1749 1035 1869 1292 1808 1172 1720 1563 1362 1233 1351 1719 1145 1979 1537 1396 1674 1602 1732 1816 1945 1087 1935 1273 1028 1994 1447 1025 1002 1842 1240 1826 1670 1457 1321 1941 1261 1929 1679 1493 1708 1086 1200 1748 1115 1742 1828 1270 1995 1898 1000 1580 BCNSPRNW ULIB Ver.6.0+V

เปลี่ยนเป็นภาษาไทย

Change to English
 แสดงรายละเอียดบรรณานุกรม
  กลับหน้าหลัก

Brief Record : Get Marc (ISO 2709) : E-mail record : QR code < ปิดหน้าต่าง
LEADER : 00000nam 2200000uu 4500
001    13399113108
003     ULIB
008    110927s2544||||th 000 0 tha d
020    9747521113
050 04 PN1992.8.T45^bธ684ก 2544
100 0  ธีรภาพ โลหิตกุล
245 10 กว่าจะเป็นสารคดี /^cธีรภาพ โลหิตกุล
250    พิมพ์ครั้งที่ 3
260    กรุงเทพฯ :^bแพรวสำนักพิมพ์,^c2544
300    357 หน้า :^bภาพประกอบ (ภาพสีบางภาพ) ;^c21 ซม
500    พิมพ์ครั้งที่ 4 ปีเดียวกัน
505 2  ผู้เขียนบท-ช่างภาพ-ผู้กำกับภาพ --การคิดเป็นภาพและการสร้างอารมณ์เชิงละครในงานสารคดี -- การวางเค้าโครงเรื่องและขั้นตอนการเขียนบทสารคดี -- ตัวอย่างบทสารคดีโทรทัศน์และบทความสารคดีที่คัดสรร
650  7 ภาพยนตร์สารคดี
650  7 การเขียนสารคดี
650  7 สารคดี
945    ^p225^l0^i016084
995    ทศพร
999 ^a ทศพร
รายการนี้ยังไม่มีแท็ก
คุณยังไม่ได้ล็อกอิน คุณสามารถมีกิจกรรมร่วมกับเว็บไซต์ได้ แต่ต้องล็อกอินก่อน ::
  ล็อกอิน

รายการสื่อสารสนเทศ

ลำดับที่ ประเภท เลขเรียก/บาร์โค้ด สถานที่ สถานะ
- ไม่พบข้อมูล -

รายการใกล้เคียง
    ผู้แต่ง [ธีรภาพ โลหิตกุล]

    หัวเรื่อง [สารคดี]

BibComment


ยังไม่เคยถูกคอมเมนท์

คอมเมนท์ทรัพยากรรายการนี้
  คอมเมนท์: กว่าจะเป็นสารคดี ..


 Copyright 2026. Bcnsprnw @Library